| 000 | 00661nam a2200193 a 4500 | ||
|---|---|---|---|
| 005 | 20140310183602.0 | ||
| 008 | 120802s19uu xx 00 eng d | ||
| 020 | _a9780194756228 | ||
| 050 |
_aPE 1128 _b.L989 2011 |
||
| 100 | _aLynn, Sarah | ||
| 245 |
_aQ:Skills for success : _cSarah Lynn. _breading and writing 1 / |
||
| 260 |
_aOxford, United Kingdom : _bOxford University Press, _c2011. |
||
| 300 |
_a203 p. : _bill. col. ; _c25 cm. |
||
| 650 |
_aEnglish language _xTextbooks for foreign speakers |
||
| 650 |
_aEnglish language _xRhetoric |
||
| 650 |
_aEnglish language _xStudy and teaching _xForeign speakers |
||
| 942 |
_cBK _2lcc _kFOR |
||
| 999 |
_c25115 _d25115 |
||